|
|
|
|
| LEADER |
00871cam a2200277 7i4500 |
| 001 |
0000036451 |
| 005 |
20200909090000.0 |
| 007 |
##ta |
| 008 |
200909s2020 enk o 000 eng d |
| 020 |
# |
# |
|a 9781118823125
|
| 040 |
# |
# |
|a MATR
|
| 090 |
0 |
0 |
|a B 297.576
|b HAL
|
| 245 |
0 |
4 |
|a The Halal Food Handbook
|c edited by Yunes Ramadan Al-Teinaz, Stuart Spear, Ibrahim H.A. Abd El-Rahim.
|
| 264 |
# |
1 |
|a Chichester:
|b Wiley Blackwell,
|c 2020.
|
| 264 |
# |
4 |
|a ♭2020.
|
| 300 |
# |
# |
|a xxxv, 460 pages;
|c 25 cm.
|
| 336 |
# |
# |
|a text
|2 rdacontent
|
| 337 |
# |
# |
|a unmediated
|2 rdamedia
|
| 338 |
# |
# |
|a volume
|2 rdacarrier
|
| 650 |
# |
0 |
|a Halal food industry
|
| 650 |
# |
0 |
|a Muslims --
|x Dietary laws
|
| 650 |
# |
0 |
|a Halal food
|
| 700 |
0 |
# |
|a Yunes Ramadan Al-Teinaz
|
| 700 |
1 |
# |
|a Spear, Stuart
|
| 700 |
0 |
# |
|a Ibrahim H. A. Abd El-Rahim
|
| 999 |
|
|
|a B000041226
|b Book
|c Book
|e Business Information Centre
|